Statistics for Rappers A-Z

Click here to take the quiz!

General Stats

  • This quiz has been taken 172 times
    (167 since last reset)
  • The average score is 14 of 26

Answer Stats

Letter Song Rapper % Correct
EThe Real Slim ShadyEminem
91%
KGold DiggerKanye West
89%
DStarted From the BottomDrake
83%
VIce Ice BabyVanilla Ice
82%
MThrift ShopMacklemore
82%
J99 ProblemsJay-Z
81%
NSuper BassNicki Minaj
79%
TCalifornia LoveTupac Shakur
76%
WBlack and YellowWiz Khalifa
74%
OHey Ya! (Duo)Outkast
70%
CGangsta's ParadiseCoolio
70%
IFancyIggy Azalea
66%
FLowFlo Rida
62%
LHow to LoveLil' Wayne
60%
AProblemsA$AP Rocky
44%
GI Mean ItG-Eazy
44%
PI'll Be Missing YouP. Diddy
43%
UOMGUsher
40%
RHustlin'Rick Ross
39%
HJump AroundHouse of Pain
36%
SBaby Got BackSir Mix-A-Lot
35%
QBreathe and StopQ-Tip
18%
XXXzibit
18%
B#TWERKITBusta Rhymes
17%
YSoul SurvivorYoung Jeezy
15%
ZHelp Me PleaseZ-Ro
5%

Score Distribution

Percentile by Number Answered

Percent of People with Each Score

Your Score History

You have not taken this quiz since the last reset